000 00263nam a2200097Ia 4500
001 645056
005 20250826153616.0
008 250824s9999 xx 000 0 und d
245 0 _aİNSAN NE İLE YAŞAR ANTİK YENİ
_cTOLSTOY
260 _bANTİK DÜNYA KLASİKLERİ
999 _c645056
_d645056